I, robot. (Record no. 1215)
[ view plain ]
| 000 -LEADER | |
|---|---|
| fixed length control field | 01699nam a2200289 a 4500 |
| 005 - DATE AND TIME OF LATEST TRANSACTION | |
| control field | 20260322212051.0 |
| 008 - FIXED-LENGTH DATA ELEMENTS--GENERAL INFORMATION | |
| fixed length control field | data |
| 099 ## - LOCAL FREE-TEXT CALL NUMBER (OCLC) | |
| Classification number | DVD 853 |
| 001 - CONTROL NUMBER | |
| control field | data |
| 100 1# - MAIN ENTRY--PERSONAL NAME | |
| Personal name | Proyas, Alex, |
| Dates associated with a name | 1963- |
| 245 10 - TITLE STATEMENT | |
| Title | I, robot. |
| Statement of responsibility, etc. | Alex Proyas ... [et al.]. |
| 250 ## - EDITION STATEMENT | |
| Edition statement | Widescreen |
| 260 ## - PUBLICATION, DISTRIBUTION, ETC. | |
| Place of publication, distribution, etc. | Beverly Hills, Calif. : |
| Name of publisher, distributor, etc. | 20th Century Fox Home Entertainment, |
| Date of publication, distribution, etc. | 2004. |
| 300 ## - PHYSICAL DESCRIPTION | |
| Extent | 1 videodisc (ca. 115 min.) :; sd., col. ; |
| Other physical details | 4 3/4 in. |
| 500 ## - GENERAL NOTE | |
| General note | Title from container./ Based on the idea suggesed in a book by Isaac Asimov./ Includes speical features./ Participants: Will Smith, Bridget Moynahan, Alan Tudyk, James Cromwell, Bruce Greenwood, Adrian Ricard, Chi McBride, Jerry Wasserman, Fiona Hogan./ Audience: MPAA rating; for intense stylized action, and some brief partial nudity. |
| 520 3# - SUMMARY, ETC. | |
| Summary, etc. | In the year 2035, robots are a common, trusted part of life. But that trust is broken when a scientist is found dead, and a skeptical Chicago police detective investigating the murder believes that a robot is responsible. It seems impossible for a robot to break the Three Laws of Robotics, for if that were to happen there would be nothing to stop them from taking over the world. Aiding the detective in his investigation is a psychologist who specializes in the psyches of robots. Will technology ultimately lead to mankind's salvation or annihilation? |
| 650 #0 - SUBJECT ADDED ENTRY--TOPICAL TERM | |
| Topical term or geographic name entry element | Robots |
| General subdivision | Drama |
| 650 #0 - SUBJECT ADDED ENTRY--TOPICAL TERM | |
| Topical term or geographic name entry element | Science fiction films |
| 700 1# - ADDED ENTRY--PERSONAL NAME | |
| Personal name | Smith, Will, |
| Dates associated with a name | 1968- |
| 700 1# - ADDED ENTRY--PERSONAL NAME | |
| Personal name | Moynahan, Bridget, |
| Dates associated with a name | 1972- |
| 700 1# - ADDED ENTRY--PERSONAL NAME | |
| Personal name | Tudyk, Alan. |
| 700 1# - ADDED ENTRY--PERSONAL NAME | |
| Personal name | Cromwell, James. |
| 700 1# - ADDED ENTRY--PERSONAL NAME | |
| Personal name | Greenwood, Bruce, |
| Dates associated with a name | 1956- |
| 700 1# - ADDED ENTRY--PERSONAL NAME | |
| Personal name | Duggan, Simon, |
| Dates associated with a name | 1959- |
| 700 1# - ADDED ENTRY--PERSONAL NAME | |
| Personal name | Beltrami, Marco. |
| 700 1# - ADDED ENTRY--PERSONAL NAME | |
| Personal name | Asimov, Isaac, |
| Dates associated with a name | 1920-1992. |
| Withdrawn status | Lost status | Damaged status | Not for loan | Home library | Current library | Shelving location | Date acquired | Total checkouts | Full call number | Barcode | Date last seen | Price effective from | Koha item type |
|---|---|---|---|---|---|---|---|---|---|---|---|---|---|
| Franklin | Franklin | General stacks | 22/03/2026 | GEN | BC0011255 | 22/03/2026 | 22/03/2026 | Books |